000 00839nam a22002417a 4500
003 OSt
005 20181204110459.0
008 180220b xxu||||| |||| 00| 0 spa d
020 _a9502006860
040 _cPJ
100 _aDarritchon, Luis
_93077
245 1 0 _aComo es el nuevo proceso penal /
_cLuis Darritchon.
250 _a2a. ed.
260 _aBuenos Aires :
_bAbeledo-Perrot,
_c1992.
300 _a125 p.
_c17 cm.
505 _aContenido: Exención de prisión y excarcelación. Pasos finales de la instrucción. Crítica de la instrucción. Clausura de la instrucción. Sobreseimiento. Trámites especiales.
650 0 _aDERECHO PENAL
_9343
650 0 _aPROCESO PENAL
_92348
650 0 _aINSTRUCCIÓN
_92716
650 0 _aEXCARCELACIÓN
_92764
650 0 _aSOBRESEIMIENTO
_92717
942 _2udc
_cLIB
_h343.1
_iDAR
999 _c1974
_d1974